Národná kultúrna pamiatka Solivar

Bibliographic Details
Main Author: Jaremová, Danica (Author)
Format: Article
Language:Slovak
Subjects:

MARC

LEADER 00000nab a22000001a 4500
001 vtls010795022
003 SK-MaSNL
005 20260303120315.0
008 230131|2011 xo |||||||||||||||||slo|
035 |a (urnnbn)urn:nbn:sk:snk:ar-a02rwo 
035 |a (uuid)089642d4-d712-47e4-8add-f9ce9b38b1a0 
035 |a urn:nbn:sk:snk-ab4n5n 
040 |a SNKBUCL  |b slo  |c SNKBUCL  |e AACR2 
041 0 |a slo 
044 |a xo  |c SK 
080 |a 904  |2 2001 
080 |a (437.6)  |2 2011 
080 |a (437.671)  |2 2008 
100 1 |a Jaremová, Danica  |4 aut  |9 17312 
245 1 0 |a Národná kultúrna pamiatka Solivar  |c Danica Jaremová 
650 0 7 |a kultúrne pamiatky  |2 SNKPH  |9 2862 
650 0 7 |a soľné pramene  |2 SNK  |9 79231 
650 0 7 |a soľné bane  |2 SNK  |9 79626 
651 7 |a Solivar (Prešov, Slovensko)  |2 SNKPH  |9 16815 
651 7 |a Prešov (Slovensko)  |2 SNKPH  |9 17347 
773 0 |t Múzeum : študijný a informačný materiál  |g Roč. 57, č. 4 (2011), s. 52-[b] 
954 |a odborná, vedecká literatúra pôvodná (slovenská)  |2 lita 
958 |a OND 
958 |a EUIPO 
958 |a article3 
999 |c 1908759  |d 1910689